000 00294nam a22001337a 4500
008 171024b xxu||||| |||| 00| 0 eng d
020 _a0023650702
041 _aeng
080 _22ND
_a311
100 _a55
101 _aSTA
245 _aELEMENTS OF ECONOMETRICS
_cKMENTA,J
942 _2udc
_cBK
999 _c35787
_d35787